000 00292nam a22001217a 4500
008 160426b xxu||||| |||| 00| 0 eng d
020 _a9780803608900
020 _a080360890
041 _aeng
080 _a618.2
245 _aNursing health assessment;
_cPatricia M. Dillon;
942 _2udc
_cBK
999 _c1596
_d1596